England County Quiz - County of Bristol - Statistics

General Stats
  • This quiz has been taken 386 times
  • The average score is 10 of 15
Answer Stats
Hint Answer % Correct
Pseudonym of the renowned street artist who comes from Bristol Banksy
90%
Iconic crossing over the Avon Gorge {Clifton} Suspension Bridge
90%
The SS Great Britain, moored in Bristol, was designed by this eminent Victorian engineer Isambard Kingdom Brunel
85%
This Bristol event is the largest fiesta in Europe which is dedicated to this method of flight Hot Air Balloon
84%
The last ever flight of this aircraft saw it fly low over the above landmark before it landed at Filton in 2003 Concorde
83%
Highly regarded documentary produced by the Bristol based BBC Natural History Unit The {Blue} Planet
83%
Bristol's principal railway station, first opened in 1840 as the terminus of the Great Western route from London Paddington Temple Meads
80%
Claymation comedy duo created by Nick Park in his studio in Bristol {Wallace} and {Gromit}
77%
Thought to have been born in Bristol in 1680, this notorious pirate spent his time terrorising the West Indies and the east coast of the North American colonies Blackbeard
74%
Bristol was the winner of this award in 2015 for its efforts in improving the environment European {Green} Capital Award
65%
Major port situated where the River Avon joins the Severn Estuary. Avonmouth
56%
Short, but busy motorway, that links the M4 with the city of Bristol M32
54%
Hollywood actor, born in Bristol in 1904, who starred in 'North by Northwest' Cary Grant
38%
Spectacular Victorian Garden Cemetery laid out in 45 acres of woodland. Noted for its special architectural merit, this is the burial place of more than 170,000 people {Arnos} Vale
28%
Ship in which John Cabot sailed from Bristol to North America in 1497 Matthew
27%
No matching quizzes found
Score Distribution
Percent of People with Each Score
Percentile by Number Answered
Your Score History
You have not taken this quiz